El problema nacional: bases para la reconstrucción de nuestro sistema escolar primario

Guardat en:
Dades bibliogràfiques
Autor principal: Salas, Darío E (Autor)
Format: Llibre
Idioma:espanyol
Publicat: Santiago Cámara Chilena de la Construcción 2011
Santiago Pontificia Universidad Católica de Chile 2011
Santiago Dirección de Bibliotecas, Archivos y Museos 2011
Edició:1a. ed
Col·lecció:Biblioteca Fundamentos de la Construcción de Chile, 91
Matèries:
Etiquetes: Afegir etiqueta
Sense etiquetes, Sigues el primer a etiquetar aquest registre!

MARC

LEADER 00000cam a2200000 a 4500
001 UCG8278
003 CL-VaPUC
008 111202e20110000CL |||||||||||||||||spa|d
020 |a 9789568306694 
082 0 4 |a 379.983  |b SAL  |2 21 
100 0 |a Salas, Darío E  |e author  |9 559246 
245 1 3 |a El problema nacional: bases para la reconstrucción de nuestro sistema escolar primario 
250 |a 1a. ed 
300 |a 240 p 
942 |c BK 
945 |d 20111202 00:00:00  |a cmena 
260 |a Santiago  |b Cámara Chilena de la Construcción  |c 2011 
260 |a Santiago  |b Pontificia Universidad Católica de Chile  |c 2011 
260 |a Santiago  |b Dirección de Bibliotecas, Archivos y Museos  |c 2011 
650 0 |a Historia de la educación   |9 257642 
650 0 |a Educación básica   |9 224933 
650 0 |a Política educacional  |9 308011 
651 7 |a CHILE  |2 CL-VaPUC  |9 559247 
583 |a last modification  |c 20111202 14:14:00  |k Rodrigo Vera 
490 0 |a Biblioteca Fundamentos de la Construcción de Chile, 91 
999 |c 345898  |d 345896 
952 |0 0  |1 0  |4 0  |6 379_983000000000000_SAL_2011_2011_2011  |7 0  |8 A  |9 446283  |a BIBHIS  |b BIBHIS  |d 2019-11-22  |i 479463K  |o 379.983 SAL 2011 2011 2011  |p 479463K  |r 2025-01-20  |w 2019-11-22  |y BK  |k HIS